Interesting stories for curious people : (Record no. 12830)
[ view plain ]
| 000 -LEADER | |
|---|---|
| fixed length control field | 00732nam a2200229 a 4500 |
| 001 - CONTROL NUMBER | |
| JCCL Control Number | 12830 |
| 003 - CONTROL NUMBER IDENTIFIER | |
| JCCL marc code | BD-JhCC |
| 005 - DATE AND TIME OF LATEST TRANSACTION | |
| control field | 20230517115953.0 |
| 008 - FIXED-LENGTH DATA ELEMENTS--GENERAL INFORMATION | |
| fixed length control field | 230517s2020 ii |||| |||| 000 0 eng d |
| 020 ## - INTERNATIONAL STANDARD BOOK NUMBER | |
| International Standard Book Number | 9781648450440 |
| 035 ## - SYSTEM CONTROL NUMBER | |
| system control number | (BD-JhCC)12830 |
| 040 ## - CATALOGING SOURCE | |
| Original cataloging agency | BD-JhCC |
| Modifying agency | BD-JhCC |
| 041 ## - LANGUAGE CODE | |
| Language code of Book | eng |
| 082 ## - DEWEY DECIMAL CLASSIFICATION NUMBER | |
| Classification number | 808.882 |
| Author mark and Year | ONE 2020 |
| 100 ## - MAIN ENTRY--PERSONAL NAME | |
| Personal name | O'Neill, Bill |
| 245 ## - TITLE STATEMENT | |
| Title | Interesting stories for curious people : |
| Remainder of title | a collection of fascinating stories relating to history, science, pop culture, and just about anything else you can think of / |
| Statement of responsibility, etc | Bill O'Neill |
| 260 ## - PUBLICATION, DISTRIBUTION, ETC. (IMPRINT) | |
| Place of publication, distribution, etc | New Delhi : |
| Name of publisher, distributor, etc | Lak Publishing, |
| Date of publication, distribution, etc | 2020 |
| 300 ## - PHYSICAL DESCRIPTION | |
| Pagination | 228 p. : |
| Dimensions | 22 cm. |
| 650 ## - SUBJECT ADDED ENTRY--TOPICAL TERM | |
| Topical term or geographic name as entry element | Curiosities and wonders |
| 650 ## - SUBJECT ADDED ENTRY--TOPICAL TERM | |
| Topical term or geographic name as entry element | Popular culture |
| 942 ## - ADDED ENTRY ELEMENTS (KOHA) | |
| Source of classification or shelving scheme | Dewey Decimal Classification |
| Koha item type | Books |
| Source of classification or shelving scheme | Damaged status | Not for loan | Home library | Current library | Shelving location | Date of accession | Total Checkouts | Full call number | Barcode | Checked out | Date last seen | Date checked out | Copy number | Method of acquisition | Koha item type | Currency |
|---|---|---|---|---|---|---|---|---|---|---|---|---|---|---|---|---|
| Dewey Decimal Classification | JCC Rouf Library | JCC Rouf Library | General Stacks | 05/17/2023 | 4 | 808.882 ONE 2020 | 17775 | 12/05/2023 | 11/09/2023 | 11/09/2023 | C-1 | Purchase | Books | BDT |